书目信息 |
| 书名: | Nutrition for Living | |
| 作者: | Christian,Janet L. | |
| 分册号: | ||
| 分册名: | 出版地: | Redwood City, Calif : |
|
| 出版社: | Benjamin/Cummings Pub. Co | |
| 出版时间: | 1994. | |
| 页数: | 621 p. ; | |
| 开本: | 26cm. | |
| 丛书名: | ||
| 中图分类号: | ||
| 科图分类号: | ||
| 其他分类号: | R151 | |
| 主题词: | ||
| 电子资源: | ||
| 000 | 00437nam 2200157 a 4500 | |
| 001 | E0454317466 | |
| 005 | 2004121515051746 | |
| 008 | 041215s1994 00010 eng | |
| 020 | @a0-80531-570-5 :@c12.00CNY. | |
| 040 | @aPFT@beng | |
| 090 | @aR151 | |
| 099 | @dR151@eC555 | |
| 245 | @aNutrition for Living / @cChristian,Janet L. | |
| 250 | @a4th ed. | |
| 260 | @aRedwood City, Calif :@bBenjamin/Cummings Pub. Co,@c1994. | |
| 300 | @a621 p. ;@c26cm. | |
| Nutrition for Living / / Christian,Janet L.-4th ed.-Redwood City, Calif : : Benjamin/Cummings Pub. Co, , 1994. |
| 621 p. ; ; 26cm. |
| ISBN 0-80531-570-5 :12.00CNY. |
| ● |
| 相关链接 |
|
|
|
正题名:Nutrition for Living
索取号:R151/C555
 
预约/预借
| 序号 | 登录号 | 条形码 | 馆藏地/架位号 | 状态 | 备注 |
| 1 | 04275 | 300042754 | 自科库401/401自科库 103排7列2层/ [索取号:R151/C555] | 在馆 |